Estatísticas para países com maior taxa de suicídio

Clique aqui para jogar o quiz

Estatísticas Gerais

  • Esse quiz foi jogado 137 vezes
  • A pontuação média é 3 de 10

Estatísticas das Respostas

HintResposta% Correto
21.4 em 100.000japão
97%
28.1 em 100.000coreia do sul
87%
31 em 100.000lituania
25%
25.6 em 100.000cazaquistao
24%
20.8 em 100.000letonia
23%
21.7 em 100.000hungria
21%
21.8 em 100.000eslovenia
18%
21.3 em 100.000sri lanka
14%
26.4 em 100.000guiana
8%
20,5 em 100.000bielorussia
7%

Distribuição das Pontuações

Percentil de Números Respondidos

Porcentagem de Pessoas com Cada Pontuação

Sua Pontuação Histórica

Você não jogou esse quiz